Normal view
MARC view
Entry Personal Name
001 - CONTROL NUMBER
- control field: 58365
003 - CONTROL NUMBER IDENTIFIER
- control field: dpl
005 - DATE AND TIME OF LATEST TRANSACTION
- control field: 20231108143044.0
008 - FIXED-LENGTH DATA ELEMENTS
- fixed length control field: 231108|| aca||aabn | a|a d
040 ## - CATALOGING SOURCE
- Original cataloging agency: dpl
- Transcribing agency: dpl
100 ## - HEADING--PERSONAL NAME
- Personal name: श्वेता 'अशेष'
670 ## - SOURCE DATA FOUND
- Source citation: Work cat.: (dpl)198555: श्वेता 'अशेष' , राष्ट्रनायक जयप्रकाश नारायण/, 2022
